Städte, die von der Achse kontrolliert wurden - Sudden Death - Statistiken

Allgemein
  • Dieses Quiz wurde 105 mal gespielt
  • Das Durchschnittsergebnis liegt bei 11 aus 21
Answers on the Grid
Answers color-coded by a green-red scale on the quiz's grid according to % correct below.
Amsterdam
Athen
Peking
Bengasi
Berlin
Brisbane
Kairo
Kapstadt
Kopenhagen
Hanoi
Hong Kong
Honolulu
Istanbul
Jakarta
Kalkutta
Kiew
Manila
Moskau
Nanjing
Oslo
Paris
Rom
Seoul
Singapur
Stockholm
Taipeh
Teheran
Tokio
Toronto
Wien
Warschau
Zürich
 
Antwortstatistiken
Antwort % Korrekt
Berlin
89%
Amsterdam
86%
Kopenhagen
76%
Paris
69%
Rom
69%
Wien
69%
Athen
68%
Warschau
65%
Oslo
61%
Kiew
54%
Tokio
54%
Peking
46%
Hong Kong
42%
Seoul
41%
Manila
39%
Hanoi
38%
Nanjing
38%
Singapur
38%
Jakarta
35%
Taipeh
32%
Bengasi
27%
Keine übereinstimmenden Quizze gefunden
Verteilung der Resultate
Anzahl Personen mit jedem Resultat
Perzentil nach korrekt beantworteten Fragen
Ihre Resultats-Entwicklung
Sie haben dieses Quiz noch nicht gespielt